00491nam a2200157 i 450000100060000000300090000600500170001500700030003200800410003510000420007624500930011826000400021130000220025174000390027385200210031273976ES-MaACL20251009063052.0t|040914s1913 ag ||||1| spa d1 aGonzález, Joaquín V., d1863-192313aEl juicio del siglo o Cien años de historia argentina / cpor Joaquín V. González. aBuenos Aires : b[Tragaut], c1913. a298 p. ; c19 cm.0 aCien años de historia argentina. aES-MaACLjD-1913